000 00579cab a2200217 4500
001 ABS43343
008 090401t1990 xxu||||| |||| 00| 0 eng d
035 _a(Sirsi) u41396
041 _aeng
100 _aSpinks, P.
245 _aPlug into the sun
260 _c1990
350 _a0
490 _aNew Scientist
_v127(1735) 22 September 1990, 48-51(3)
520 _aExamines ways of converting solar power into heat.
650 _aALTERNATIVE SOURCES
650 _aHEATING
690 _aENVIRONMENTAL AND LAND CONSULTANCY-ENERGY
942 _n0
948 _c04/03/1997
999 _c26609
_d26609